| 000 | 00505nam a2200193 a 4500 | ||
|---|---|---|---|
| 001 | 3196 | ||
| 005 | 20140414131916.0 | ||
| 008 | 060202s19uu xx 00 eng d | ||
| 020 | _a9832584078 | ||
| 050 |
_aER _bFr92 2006 |
||
| 245 | _aFrog prince(The). | ||
| 260 |
_aMalaysia : _bKohwai & Young, _c2006. |
||
| 300 | _a16 | ||
| 440 | _aFavourite fairy tales series | ||
| 650 |
_aChildren stories- _xfairy tales. |
||
| 650 |
_aFrog- _xfiction. |
||
| 700 | _aBob Williams [edited by] | ||
| 999 |
_c111496 _d111496 |
||